Metóda rozvoja funkcie kvality QFD

Metóda rozvoja funkcie kvality QFD. Použitie tejto metódy v jednotlivých krokoch projektovania, postup metódy QFD v jednoduchosti, prístupy ktoré pomahajú pri metóde QFD.

Enregistré dans:
Détails bibliographiques
Auteur principal: Patušová, Katarína
Format: Chapitre de livre
Langue:slovaque
Sujets:
Tags: Ajouter un tag
Pas de tags, Soyez le premier à ajouter un tag!

MARC

LEADER 00000nla$a2200000$$$4500
001 0146850
005 20220729111412.2
041 0 |a slo 
044 |a SK 
245 1 0 |a Metóda rozvoja funkcie kvality QFD  |c Katarína Patušová 
520 |a Metóda rozvoja funkcie kvality QFD. Použitie tejto metódy v jednotlivých krokoch projektovania, postup metódy QFD v jednoduchosti, prístupy ktoré pomahajú pri metóde QFD. 
610 2 0 |a riadenie projektové 
610 2 0 |a riadenie kvality 
610 2 0 |a kvalita 
610 2 0 |a projekty 
610 2 0 |a manažment 
610 2 0 |a matice 
100 1 |a Patušová, Katarína